Girl in Red - We fell in love in october - Paroles - Statistiques

Statistiques générales
  • Ce quiz a été pris 66 fois
  • Le résultat moyen est 132 sur 156
Statistiques - réponses
Paroles % Correct
Fell
100%
I
100%
In
100%
Love
100%
October
100%
'S
98%
We
96%
My
93%
That
93%
The
93%
Why
93%
You
93%
Girl
91%
Be
87%
Fall
84%
Look
82%
Looking
82%
So
82%
Will
82%
At
80%
On
80%
Pretty
80%
This
78%
And
76%
From
76%
Stars
73%
Cigarettes
67%
Roof
67%
Smoking
67%
Admiring
64%
Afar
64%
View
64%
World
62%
Don't
58%
To
53%
Way
53%
Bother
49%
Down
49%
Going
49%
Not
49%
Am
47%
're
44%
Here
42%
Know
42%
Stay
40%
Atleast
22%
Aucun quiz correspondant
Distribution des résultats
% des personnes avec chaque résultat
Percentile par nombre de réponses
Votre historique - résultats
Vous n’avez pas pris ce quiz